[Event "Torcy op-B"]
[Site "Torcy"]
[Date "1991.??.??"]
[Round "?"]
[White "Staub, Pierre"]
[Black "Baury, Ghislain"]
[Result "1-0"]
[WhiteElo "1890"]
[BlackElo "1900"]
[PlyCount "63"]
[EventDate "1991.04.??"]
[EventType "swiss"]
[EventRounds "9"]
[EventCountry "FRA"]
[SourceTitle "TD"]
[Source "ChessBase"]
[SourceDate "1994.03.01"]
[SourceVersion "1"]
[SourceVersionDate "1994.03.01"]
[SourceQuality "1"]

1. e4 e5 2. f4 Nc6 3. Nf3 exf4 4. Bc4 Bc5 5. c3 Qe7 6. Qe2 Nf6 7. d4 Bb6 8. 0-0 d6 9. Kh1 Bg4 10. Bxf4 0-0-0 11. Nbd2 d5 12. Bb5 Nxe4 13. Rae1 Nxd2 14. Qxd2 Qf8 15. b4 Bxf3 16. Rxf3 Re8 17. Rxe8+ Qxe8 18. Re3 Qd7 19. Qe2 Qf5 20. Bg3 Rd8 21. h3 Nb8 22. Re7 c6 23. Bd3 Qf6 24. Qg4+ Nd7 25. Bh4 Qd6 26. Rxf7 Bc7 27. g3 g5 28. Bxg5 h5 29. Qf3 Rf8 30. Rxd7 Qxg3 31. Rxc7+ Qxc7 32. Bf5+ 1-0

[Event "Torcy op-B"]
[Site "Torcy"]
[Date "1991.??.??"]
[Round "?"]
[White "Staub, Pierre"]
[Black "Lesecq, Pascal"]
[Result "0-1"]
[WhiteElo "2040"]
[BlackElo "1890"]
[PlyCount "56"]
[EventDate "1991.04.??"]
[EventType "swiss"]
[EventRounds "9"]
[EventCountry "FRA"]
[SourceTitle "TD"]
[Source "ChessBase"]
[SourceDate "1994.03.01"]
[SourceVersion "1"]
[SourceVersionDate "1994.03.01"]
[SourceQuality "1"]

1. e4 c6 2. d4 d5 3. exd5 cxd5 4. Bd3 Nf6 5. Bf4 Nc6 6. c3 g6 7. Qb3 Bg7 8. Nd2 0-0 9. Ngf3 Re8 10. 0-0 Nh5 11. Bg5 h6 12. Be3 b6 13. Rad1 Kh7 14. Rfe1 e5 15. dxe5 Nxe5 16. Nxe5 Bxe5 17. Nf3 Bb7 18. c4 d4 19. Be2 Bxf3 20. Bxf3 Qh4 21. g3 Nxg3 22. Bxa8 Nf5 23. Bg2 Bxh2+ 24. Kf1 dxe3 25. Rxe3 Rxe3 26. fxe3 Ng3+ 27. Ke1 Ne4+ 28. Ke2 Qf2+ 0-1

[Event "Torcy op-B"]
[Site "Torcy"]
[Date "1991.??.??"]
[Round "?"]
[White "Staub, Pierre"]
[Black "Miannay, Michel"]
[Result "1-0"]
[WhiteElo "1910"]
[BlackElo "1680"]
[PlyCount "49"]
[EventDate "1991.04.??"]
[EventType "swiss"]
[EventRounds "9"]
[EventCountry "FRA"]
[SourceTitle "TD"]
[Source "ChessBase"]
[SourceDate "1994.03.01"]
[SourceVersion "1"]
[SourceVersionDate "1994.03.01"]
[SourceQuality "1"]

1. e4 g6 2. d4 Bg7 3. Nc3 d6 4. Be3 Nf6 5. Qd2 Nc6 6. f3 0-0 7. 0-0-0 a6 8. Bh6 b5 9. h4 Qe8 10. h5 Bxh6 11. Qxh6 e6 12. Nh3 Qe7 13. Ng5 Re8 14. e5 dxe5 15. Nce4 Nxd4 16. hxg6 fxg6 17. Nxh7 Nxh7 18. Qxg6+ Qg7 19. Qxe8+ Nf8 20. Bd3 Nf5 21. g4 Ne7 22. Rh7 Qg6 23. Rdh1 Nd5 24. Rh8+ Kg7 25. Qxf8# 1-0